|
|
แสดงรายละเอียดบรรณานุกรม |
|
|
Brief Record
: Get Marc (ISO 2709)
: E-mail record
: |
|
|
| LEADER 00000nam 2200000uu 4500 | |||
| 001 208799 | |||
| 003 ULIBM | |||
| 008 121220s||||||||th 000 0 tha d | |||
| 020 ^a9789742472795 | |||
| 040 ^abcnkk | |||
| 041 0 ^atha | |||
| 060 4 ^aQA107 ค451ร | |||
| 100 0 ^aคิมิกะ วะระเบะ | |||
| 245 00 ^aเรียงลำดับนับจำนวน./^bคิมิกะ วะระเบะ;เมธินี นุชนาคา,แปล | |||
| 250 ^aพิมพ์ครั้งที่ 1 | |||
| 260 ^aกรุงเทพฯ : ^bแพรวเพื่อนเด็ก,^c[ม.ป.ป.] | |||
| 650 0 ^aคณิตศาสตร์ | |||
| 650 0 ^aจำนวนเลข | |||
| 650 0 ^aพจนานุกรมภาพ ^xสำหรับเด็ก | |||
| 700 0 ^aเมธินี นุชนาคา,ผู้แปล. | |||
| 999 ^aใช้งานได้ทุกระบบ | |||
| คุณยังไม่ได้ล็อกอิน คุณสามารถมีกิจกรรมร่วมกับเว็บไซต์ได้ แต่ต้องล็อกอินก่อน :: |
|
| สถานะ | |||||||||
| 1. | หนังสือทั่วไป | QA107 ค451ร | On Shelf ขอยืม | ||||||
| Note:ปีงบประมาณ 2555 | |||||||||
| 2. | หนังสือทั่วไป สถานะ=หนังสือเก่า - บริการ ณ ห้องสมุด (ห้องเหลือง) | QA107 ค451ร ฉ.2 | On Shelf ขอยืม | ||||||
| Note:ปีงบประมาณ 2555 | |||||||||
| [แสดง 2/2 รายการ] | |||||||||
BibComment |
| คอมเมนท์ทรัพยากรรายการนี้ |
|
|